000
00350nam a2200133 a 4500
005
20140414093842.0
008
081126s19uu xx 00 eng d
050
_a
DVD 940.53
_b
ROA 2005
245
_a
Road to War :
_b
Great Britain, Italy.
440
_a
History of World War II
650
_a
World War, 1939-1945.
942
_c
AVM
999
_c
109355
_d
109355